[Event "Tel Aviv TA"]
[Site "Tel Aviv"]
[Date "2013.02.10"]
[Round "6"]
[White "Striechman, Orri"]
[Black "Rozentalis, Eduardas"]
[Result "0-1"]
[WhiteElo "2015"]
[BlackElo "2613"]
[PlyCount "140"]
[EventDate "2013.02.04"]
[EventType "tourn"]
[EventRounds "9"]
[EventCountry "ISR"]
[EventCategory "8"]
[SourceTitle "CBM 153 Extra"]
[Source "ChessBase"]
[SourceDate "2013.04.22"]
[SourceVersion "1"]
[SourceVersionDate "2013.04.22"]
[SourceQuality "1"]

1. e4 e5 2. Nf3 Nc6 3. Bb5 Nge7 4. 0-0 g6 5. c3 d6 6. d4 Bd7 7. dxe5 dxe5 8. Bg5 Bg7 9. Qc1 0-0 10. h3 Qe8 11. Re1 Nc8 12. Bh6 Nd6 13. Bd3 Nd8 14. Bxg7 Kxg7 15. Nbd2 f6 16. Nc4 Ne6 17. Nxd6 cxd6 18. Nd2 Nf4 19. Qc2 f5 20. Nc4 Qe7 21. Bf1 fxe4 22. Qxe4 Bc6 23. Qe3 Qe6 24. Rad1 Rad8 25. b3 b6 26. Qg3 Qf6 27. Ne3 Nh5 28. Ng4 Nxg3 29. Nxf6 Nxf1 30. Ne4 Bxe4 31. Rxe4 Nh2 32. Rd2 Nf3+ 33. gxf3 g5 34. Kg2 Kf6 35. c4 Ke6 36. Re3 Rc8 37. Red3 Rc6 38. Rd5 Ke7 39. a4 a5 40. Rd1 Rf4 41. R1d2 Rf6 42. Rb5 h5 43. Rd3 Rf5 44. Kg3 Rf4 45. Rbd5 h4+ 46. Kg2 Rf6 47. Rb5 Rf5 48. Kf1 Kd7 49. Ke2 Kc7 50. Rbd5 Rf6 51. Ke3 Rc5 52. Rd2 Kd7 53. Ke2 Re6 54. Ke3 Rc8 55. Ke2 Kc6 56. Rb2 Rf6 57. Rbd2 Rcf8 58. Ke1 Re6 59. R2d3 Rf4 60. Re3 Ref6 61. Ke2 Rd4 62. Rd3 Rff4 63. Ke3 Rxf3+ 64. Kxf3 e4+ 65. Ke3 Rxd3+ 66. Rxd3 exd3 67. Kxd3 g4 68. Ke2 gxh3 69. Kf1 d5 70. cxd5+ Kxd5 0-1

[Event "Tel Aviv"]
[Site "Tel Aviv"]
[Date "2012.03.03"]
[Round "5"]
[White "Soffer, Ram"]
[Black "Striechman, Orri"]
[Result "1-0"]
[WhiteElo "2494"]
[BlackElo "1968"]
[PlyCount "111"]
[EventDate "2012.02.27"]
[EventType "tourn"]
[EventRounds "9"]
[EventCountry "ISR"]
[EventCategory "7"]
[SourceTitle "CBM 147 Extra"]
[Source "ChessBase"]
[SourceDate "2012.04.24"]
[SourceVersion "1"]
[SourceVersionDate "2012.04.24"]
[SourceQuality "1"]

1. c4 e5 2. g3 d6 3. Nc3 g6 4. Bg2 Bg7 5. e4 Ne7 6. Nge2 Nd7 7. d4 0-0 8. d5 f5 9. exf5 Nxf5 10. Ne4 Nc5 11. Nxc5 dxc5 12. Nc3 Nd4 13. Ne4 Bf5 14. 0-0 Bxe4 15. Bxe4 Qd6 16. Qd3 Rf7 17. Kg2 Raf8 18. f3 Kh8 19. Be3 b6 20. Rf2 Qe7 21. h4 Bf6 22. Rh1 Rd8 23. h5 g5 24. Bf5 Nxf5 25. Qxf5 h6 26. Re1 Bg7 27. Qg4 Rdf8 28. Bd2 Qd6 29. Bc3 a6 30. Re3 b5 31. b3 b4 32. Bb2 a5 33. a4 Rf5 34. Rfe2 Qe7 35. Bc1 Qf7 36. Bd2 e4 37. Rxe4 Rxf3 38. Re7 Rf2+ 39. Kh3 Qf6 40. Be1 Rf1 41. Kg2 Qd4 42. Qxd4 Bxd4 43. R2e6 Rg1+ 44. Kh3 g4+ 45. Kxg4 Rg8+ 46. Rg6 Bf6 47. Rxg8+ Kxg8 48. Re6 Bc3 49. Bf2 Rb1 50. Bxc5 Rxb3 51. Re8+ Kg7 52. Re7+ Kg8 53. Kf5 Bd2 54. Rxc7 Rf3+ 55. Ke6 Rxg3 56. Rc8+ 1-0

[Event "Tel Aviv"]
[Site "Tel Aviv"]
[Date "2012.02.27"]
[Round "1"]
[White "Striechman, Orri"]
[Black "Gladyszev, Oleg"]
[Result "0-1"]
[WhiteElo "1968"]
[BlackElo "2458"]
[PlyCount "92"]
[EventDate "2012.02.27"]
[EventType "tourn"]
[EventRounds "9"]
[EventCountry "ISR"]
[EventCategory "7"]
[SourceTitle "CBM 147 Extra"]
[Source "ChessBase"]
[SourceDate "2012.04.24"]
[SourceVersion "1"]
[SourceVersionDate "2012.04.24"]
[SourceQuality "1"]

1. e4 c5 2. Nf3 Nc6 3. d4 cxd4 4. Nxd4 Nf6 5. Nc3 e5 6. Ndb5 d6 7. Bg5 a6 8. Na3 b5 9. Nd5 Be7 10. Bxf6 Bxf6 11. c4 b4 12. Nc2 a5 13. g3 0-0 14. Bg2 Bg5 15. h4 Bh6 16. 0-0 Be6 17. b3 Bxd5 18. Qxd5 Qb6 19. a4 Rad8 20. Qd3 Nb8 21. Kh2 Na6 22. f4 Nc5 23. Qf3 exf4 24. gxf4 f5 25. exf5 Rxf5 26. Qg4 Rdf8 27. Bd5+ Kh8 28. Rf3 Rxf4 29. Raf1 Rxf3 30. Rxf3 Qd8 31. Nd4 Rxf3 32. Bxf3 g6 33. Bd5 Qf8 34. Kg2 Be3 35. Nf3 Nxb3 36. Ng5 Bxg5 37. hxg5 Nc5 38. Qd4+ Qg7 39. Qg4 Nd7 40. Qe6 b3 41. c5 b2 42. Ba2 dxc5 43. Qe8+ Nf8 44. Qa8 h6 45. gxh6 Qf6 46. Qd5 Ne6 0-1

[Event "Czerniak Memorial schev 26th"]
[Site "Tel Aviv"]
[Date "2011.05.31"]
[Round "8"]
[White "Striechman, Orri"]
[Black "Kantsler, Boris"]
[Result "1/2-1/2"]
[WhiteElo "1897"]
[BlackElo "2424"]
[PlyCount "31"]
[EventDate "2011.05.22"]
[EventType "team-schev"]
[EventRounds "10"]
[EventCountry "ISR"]
[SourceTitle "EXT 2012"]
[Source "ChessBase"]
[SourceDate "2011.11.24"]
[SourceVersion "1"]
[SourceVersionDate "2011.11.24"]
[SourceQuality "1"]

1. e4 c5 2. Nf3 e6 3. d4 cxd4 4. Nxd4 a6 5. Nc3 b5 6. Bd3 Qb6 7. Nb3 Qc7 8. 0-0 Bb7 9. f4 Nf6 10. e5 b4 11. exf6 bxc3 12. bxc3 gxf6 13. Qe2 Rg8 14. Rf2 Qxc3 15. Be3 Nc6 16. Bd2 1/2-1/2

[Event "Wch U12"]
[Site "Porto Carras"]
[Date "2010.10.20"]
[Round "1"]
[White "Wei, Yi"]
[Black "Striechman, Orri"]
[Result "1-0"]
[WhiteElo "2238"]
[BlackElo "1797"]
[PlyCount "63"]
[EventDate "2010.10.20"]
[EventType "swiss"]
[EventRounds "11"]
[EventCountry "GRE"]
[SourceTitle "EXT 2011"]
[Source "ChessBase"]
[SourceDate "2010.11.26"]
[SourceVersion "1"]
[SourceVersionDate "2010.11.26"]
[SourceQuality "1"]

1. e4 e5 2. Nf3 Nc6 3. Nc3 Nf6 4. Bb5 Bb4 5. 0-0 d6 6. Nd5 Ba5 7. d4 Nxe4 8. b4 Bb6 9. Re1 f5 10. Nxb6 axb6 11. d5 Nc3 12. Qd3 Nxb5 13. Qxb5 Qd7 14. dxc6 bxc6 15. Qc4 Ba6 16. Qb3 0-0-0 17. a4 h6 18. Bb2 g5 19. Rad1 Qh7 20. Qc3 g4 21. Nh4 f4 22. Qxc6 Bb7 23. Qc4 g3 24. hxg3 fxg3 25. fxg3 Rhg8 26. Kh2 d5 27. Qe2 Rde8 28. Bxe5 Rg5 29. Nf3 Rh5+ 30. Kg1 d4 31. g4 Bxf3 32. Qxf3 1-0